La División de poderes: El poder Judicial /
Na minha lista:
| Autor principal: | |
|---|---|
| Outros Autores: | |
| Formato: | Texto |
| Publicado em: |
Barcelona:
Institut de Ciències Polítiques i Socials
|
| Tags: |
Adicionar Tag
Sem tags, seja o primeiro a adicionar uma tag!
|
MARC
| LEADER | 00000 a a2200000 04500 | ||
|---|---|---|---|
| 001 | 23393 | ||
| 003 | |||
| 040 | |||
| 090 | |a 162000 | ||
| 100 | |a Monreal, Antoni | ||
| 245 | |a La División de poderes: El poder Judicial / |c Antoni Monreal | ||
| 260 | |a Barcelona: |b Institut de Ciències Polítiques i Socials | ||
| 300 | |a 104 p | ||
| 700 | |a Gerpe, Manuel |a Araujo, Joan |a Alvarez, Enrique | ||
| 999 | |c 10983 |d 10983 | ||
